[Event "Tourn. n8615"]
[Site "www.chess-mail.com"]
[Date "2016.03.12"]
[Round "1"]
[White "Faerieking"]
[Black "Tonino1"]
[WhiteElo "2180"]
[BlackElo "2110"]
[Result "1-0"]
[Round "1"]
1.d4 Ng8f6
2.Bc1g5 g6
3.Bg5xf6 exf6
4.e3 Bf8g7
5.Bf1d3 O-O
6.Ng1e2 d5
7.Nb1d2 b6
8.c3 Bc8a6
9.Bd3xa6 Nb8xa6
10.Qd1a4 Na6b8
11.b4 Qd8d7
12.Qa4b3 f5
13.Ne2f4 c6
14.Nd2f3 f6
15.h4 Qd7d6
16.h5 Rf8e8
17.O-O-O g5
18.h6 gxf4
19.hxg7 fxe3
20.fxe3 Re8xe3
21.Rh1h3 Qd6f4
22.Kb1 Qf4e4
23.Ka1 Nb8d7
24.Rd1h1 Ra8e8
25.Qb3d1 Re3xc3
26.Rh3xh7 Re8e7
27.Rh7h8 Kxg7
28.Rh1h7 Kg6
29.Nf3h4 Kg5
30.Rh8g8 Kf4
31.Nh4g6 Ke3
32.Rh7xe7  { time }
1-0

[Event "Tourn. n8680"]
[Site "www.chess-mail.com"]
[Date "2016.03.12"]
[Round "1"]
[White "Cathar"]
[Black "Tonino1"]
[WhiteElo "2240"]
[BlackElo "2270"]
[Result "0-1"]
[Round "1"]
1.e4 c5
2.Ng1f3 d6
3.d4 cxd4
4.Nf3xd4 Ng8f6
5.Nb1c3 g6
6.Bc1e3 Bf8g7
7.f3 O-O
8.Qd1d2 Rf8e8
9.O-O-O Nb8c6
10.g4 Nc6xd4
11.Be3xd4 Bc8e6
{ resign }
0-1

[Event "Tourn. n8576"]
[Site "www.chess-mail.com"]
[Date "2016.03.12"]
[Round "1"]
[White "Robert66"]
[Black "Osopanda"]
[WhiteElo "2060"]
[BlackElo "1960"]
[Result "1-0"]
[Round "1"]
1.e4 c5
2.Ng1f3 d6
3.Nb1c3 e6
4.d4 cxd4
5.Qd1xd4 Nb8c6
6.Bf1b5 Bc8d7
7.Bb5xc6 bxc6
8.O-O e5
9.Qd4d3 Ng8f6
10.Bc1g5 Bd7e6
11.Rf1d1 Bf8e7
12.Bg5xf6 gxf6
13.Qd3a6 Qd8b6
14.Qa6xb6 axb6
15.a4 h5
16.Nc3e2 d5
17.exd5 cxd5
18.Ne2c3 h4
19.h3 d4
20.Nc3b5 Rh8g8
21.Nb5c7 Kd7
22.Nc7xa8 Rg8xa8
23.Nf3xh4 f5
24.Nh4f3 f6
25.c3 Be6b3
26.Rd1d2 Be7c5
27.cxd4 exd4
28.Nf3xd4 Bc5xd4
29.Rd2xd4 Ke6
30.Ra1e1 Kf7
31.Rd4b4 Bb3xa4
32.Rb4xb6 Ba4c2
33.Re1c1 Bc2e4
34.Rc1c7 Kg6
35.f3 Ra8a1
36.Kf2 Be4a8
37.g4 fxg4
38.hxg4 Ra1h1
39.Rb6b8 Ba8d5
40.b4 Rh1h2
41.Kg3 Rh2b2
42.b5 Rb2b3
43.Kh4 Rb3xf3
44.b6 Rf3b3
45.Rc7c5 Bd5g2
46.g5 Rb3h3
47.Kg4 Rh3b3
48.gxf6 Kxf6
49.Rb8h8 Rb3b4
50.Kg3 Bg2b7
51.Rh8h6 Kg7
52.Rh6d6 Kf8
53.Rc5c7 { resign }
1-0

[Event "Tourn. n8660"]
[Site "www.chess-mail.com"]
[Date "2016.03.12"]
[Round "1"]
[White "Cathar"]
[Black "Seger"]
[WhiteElo "2240"]
[BlackElo "2720"]
[Result "0-1"]
[Round "1"]
1.c4 e5
2.Nb1c3 Ng8f6
3.Ng1f3 Nb8c6
4.e4 Bf8b4
5.d3 Bb4c5
6.Nf3xe5 Nc6xe5
7.d4 Bc5b4
8.dxe5 Nf6xe4
9.Qd1d4 Ne4xc3
10.bxc3 Bb4a5
11.Bc1a3 b6
12.c5 O-O
13.O-O-O Bc8b7
14.Bf1c4 bxc5
15.Ba3xc5 Ba5b6
16.f4 Qd8h4
17.Bc5xb6 axb6
{ resign }
0-1

[Event "Tourn. n8674"]
[Site "www.chess-mail.com"]
[Date "2016.03.12"]
[Round "1"]
[White "Terrible"]
[Black "Bojan"]
[WhiteElo "2290"]
[BlackElo "2070"]
[Result "1-0"]
[Round "1"]
1.d4 g6
2.e4 Bf8g7
3.Ng1f3 d5
4.e5 f6
5.h3 a6
6.Bc1f4 Nb8c6
7.c3 h6
8.Bf1d3 f5
9.h4 e6
10.Nb1d2 Nc6a7
11.Qd1a4 Bc8d7
12.Qa4b3 b5
13.Qb3d1 Bg7f8
14.g4 c5
15.gxf5 gxf5
16.dxc5 Bf8xc5
17.Nf3d4 Na7c6
18.Qd1h5 Kf8
19.Nd2b3 Qd8e7
20.Nd4xc6 Bd7xc6
21.Nb3xc5 Qe7xc5
22.Qh5g6 Qc5e7
23.Bd3xf5 exf5
24.Qg6xc6 Qe7d8
25.O-O-O Ng8e7
26.Qc6f6 Ke8
27.Qf6xh8 Kd7
28.Qh8xd8 { resign }
1-0

[Event "Tourn. n8660"]
[Site "www.chess-mail.com"]
[Date "2016.03.12"]
[Round "1"]
[White "Aperturaf"]
[Black "Cathar"]
[WhiteElo "2500"]
[BlackElo "2240"]
[Result "1-0"]
[Round "1"]
1.e4 e5
2.f4 exf4
3.Ng1f3 Ng8f6
4.e5 Nf6h5
5.d4 d6
6.Bf1c4 g6
7.Qd1e2 d5
8.Bc4b3 Bf8g7
9.Nb1c3 c6
10.Bc1d2 O-O
11.O-O-O b5
12.Qe2f2 Nb8d7
13.g4 Qd8h4
14.Qf2xh4 { resign }
1-0

[Event "Tourn. n8676"]
[Site "www.chess-mail.com"]
[Date "2016.03.12"]
[Round "1"]
[White "Tonino1"]
[Black "Cathar"]
[WhiteElo "2270"]
[BlackElo "2240"]
[Result "1-0"]
[Round "1"]
1.d4 f5
2.Ng1f3 Ng8f6
3.e3 g6
4.Bf1d3 Bf8g7
5.b3 O-O
6.Bc1b2 d6
7.Nb1d2 Nb8c6
8.a3 Kh8
9.O-O e5
10.e4 fxe4
11.Nd2xe4 Nf6xe4
12.Bd3xe4 d5
13.Be4xd5 { resign }
1-0

[Event "Tourn. n8676"]
[Site "www.chess-mail.com"]
[Date "2016.03.12"]
[Round "1"]
[White "Cathar"]
[Black "Glenno"]
[WhiteElo "2240"]
[BlackElo "2400"]
[Result "0-1"]
[Round "1"]
1.e4 e5
2.Ng1f3 Nb8c6
3.Bf1c4 Ng8f6
4.d3 Bf8c5
5.c3 d6
6.Bc4b3 a6
7.O-O O-O
8.h3 h6
9.Rf1e1 Bc5a7
10.Nb1d2 Nf6h5
11.Nd2f1 Qd8f6
{ resign }
0-1

[Event "Tourn. n8643"]
[Site "www.chess-mail.com"]
[Date "2016.03.12"]
[Round "1"]
[White "Woody"]
[Black "Amaya"]
[WhiteElo "1810"]
[BlackElo "2030"]
[Result "1-0"]
[Round "1"]
1.e4 c5
2.Ng1f3 d6
3.Bf1b5 Nb8c6
4.d4 cxd4
5.Nf3xd4 Bc8d7
6.Nb1c3 Qd8a5
7.O-O e6
8.Qd1d3 Ng8e7
9.Nd4b3 Qa5c7
10.Bc1e3 a6
11.Qd3d2 Nc6e5
12.Bb5e2 Ne7c6
13.f4 Ne5g6
14.f5 exf5
15.Nc3d5 Qc7d8
16.Be3b6 Qd8h4
17.Nd5c7 Ke7
18.exf5 Kf6
19.Nc7d5 Ke5
20.Qd2c3 Nc6d4
21.Bb6xd4 { resign }
1-0

[Event "Tourn. n8653"]
[Site "www.chess-mail.com"]
[Date "2016.03.12"]
[Round "1"]
[White "Aperturaf"]
[Black "Cathar"]
[WhiteElo "2500"]
[BlackElo "2250"]
[Result "1-0"]
[Round "1"]
1.e4 c5
2.Ng1f3 d6
3.d4 cxd4
4.Qd1xd4 Nb8c6
5.Bf1b5 Bc8d7
6.Bb5xc6 Bd7xc6
7.Nb1c3 Ng8f6
8.Bc1g5 e6
9.O-O-O Bf8e7
10.Qd4d3 Qd8a5
11.h4 h6
12.Bg5xf6 Be7xf6
13.Nf3d4 O-O
14.f4 Rf8c8
15.g4 g6
16.Kb1 Bf6g7
17.Rh1g1 Ra8b8
18.h5 { resign }
1-0

[Event "Tourn. n8554"]
[Site "www.chess-mail.com"]
[Date "2016.03.12"]
[Round "1"]
[White "Snoopy"]
[Black "Leeds"]
[WhiteElo "1699"]
[BlackElo "1720"]
[Result "1-0"]
[Round "1"]
1.b3 f5
2.Bc1b2 Ng8f6
3.e3 e6
4.Ng1f3 d5
5.Nf3e5 Bf8d6
6.Bf1b5 c6
7.Bb5e2 O-O
8.O-O Qd8e7
9.d4 Nb8d7
10.Nb1d2 Nf6e4
11.Nd2xe4 fxe4
12.Be2h5 Nd7xe5
13.dxe5 Bd6c7
14.f4 Bc8d7
15.a4 g6
16.Bh5e2 Bc7b6
17.Bb2d4 c5
18.Bd4b2 Bd7c6
19.a5 Bb6c7
20.c3 Ra8d8
21.Qd1c2 Rf8f7
22.g3 a6
23.Be2g4 Rd8f8
24.Bg4h3 Bc6b5
25.c4 Bb5c6
26.Bh3g2 Qe7d8
27.Rf1d1 Qd8e7
28.cxd5 exd5
29.Bb2a3 b6
30.axb6 Bc7xb6
31.Ra1c1 Rf8d8
32.Ba3xc5 Bb6xc5
33.Qc2xc5 Qe7xc5
34.Rc1xc5 { resign }
1-0

[Event "Tourn. n8643"]
[Site "www.chess-mail.com"]
[Date "2016.03.12"]
[Round "1"]
[White "Prize64"]
[Black "Gfalk"]
[WhiteElo "2079"]
[BlackElo "1969"]
[Result "1-0"]
[Round "1"]
1.e4 c5
2.Ng1f3 e6
3.d4 cxd4
4.Nf3xd4 a6
5.Bf1d3 Qd8c7
6.c4 d6
7.Nb1c3 Nb8c6
8.Bc1e3 Nc6e5
9.Ra1c1 Ne5xd3
10.Qd1xd3 Ng8f6
11.f3 Bf8e7
12.b3 O-O
13.O-O Bc8d7
14.Rf1d1 b6
15.Qd3e2 Ra8c8
16.Qe2f2  { time }
1-0

[Event "Tourn. n8680"]
[Site "www.chess-mail.com"]
[Date "2016.03.12"]
[Round "1"]
[White "Darko10"]
[Black "Cathar"]
[WhiteElo "2540"]
[BlackElo "2240"]
[Result "1-0"]
[Round "1"]
1.e4 e5
2.Ng1f3 Nb8c6
3.Nb1c3 Ng8f6
4.d4 exd4
5.Nc3d5 Nc6b4
6.Bf1c4 Nb4xd5
7.exd5 Bf8b4
8.Bc1d2 Qd8e7
9.Qd1e2 Bb4xd2
10.Kxd2 Qe7xe2
11.Kxe2 { resign }
1-0

[Event "Match"]
[Site "www.echecsemail.com"]
[Date "2016.03.12"]
[Round "1"]
[White "Daquata"]
[Black "Picalojack"]
[WhiteElo "1640"]
[BlackElo "1499"]
[Result "1-0"]
[Round "1"]
1.e4 e5
2.Ng1f3 Ng8f6
3.Nf3xe5 Nf6xe4
4.Qd1e2 d5
5.d3 Ne4d6
6.Ne5c6 Nd6e4
7.Nc6xd8 Kxd8
8.dxe4 d4
9.Qe2c4 { resign }
1-0

[Event "Match"]
[Site "www.echecsemail.com"]
[Date "2016.03.12"]
[Round "1"]
[White "0o0o0"]
[Black "Wwgia"]
[WhiteElo "1369"]
[BlackElo "2140"]
[Result "1-0"]
[Round "1"]
1.e4 c5
2.Ng1f3 Nb8c6
3.Bf1b5 g6
4.O-O Bf8g7
5.c3 Ng8f6
6.Rf1e1 O-O
7.d3 d5
8.Nb1d2 dxe4
9.dxe4 Qd8c7
10.Nd2f1 Bc8g4
11.h3 Rf8d8
12.Qd1e2 Bg4xf3
13.Qe2xf3 Nc6e5
14.Qf3g3 Nf6h5
15.Qg3e3 c4
16.Nf1g3 Ne5d3
17.Re1f1 Nh5f4
18.Ng3e2 Bg7h6
19.Bc1d2 a6
20.Bb5a4 b5
21.Ba4c2 e5
22.Ne2xf4 Nd3xf4
23.Rf1d1 Rd8d7
24.Qe3f3 Nf4xh3
25.Qf3xh3 Bh6xd2
26.a4 Ra8d8
27.axb5 axb5
28.Ra1a6 Bd2f4
29.Rd1xd7 Rd8xd7
30.g3 Bf4c1
31.Qh3f1 Bc1xb2
32.Qf1b1 Bb2xc3
33.Qb1xb5 Rd7d2
34.Qb5e8 Kg7
35.Bc2a4 Bc3d4
36.Ra6a8 Bd4xf2
37.Kg2 Bf2c5
38.Kh3 c3
39.Qe8h8 Kh6
40.Ra8g8 Bc5e3
41.Qh8g7 Kh5
42.Qg7xh7 Be3h6
43.Rg8xg6 Qc7c8
44.g4 Qc8xg4
45.Rg6xg4 { resign }
1-0

[Event "Match"]
[Site "www.echecsemail.com"]
[Date "2016.03.12"]
[Round "1"]
[White "Pariolinius"]
[Black "Norwich"]
[WhiteElo "1830"]
[BlackElo "1630"]
[Result "0-1"]
[Round "1"]
1.e4 c5
2.Ng1f3 d6
3.d4 cxd4
4.Qd1xd4 Nb8c6
5.Bf1b5 Bc8d7
6.Bb5xc6 Bd7xc6
7.O-O Ng8f6
8.Rf1e1 g6
9.Nb1c3 Bf8g7
{ resign }
0-1

[Event "Match"]
[Site "www.echecsemail.com"]
[Date "2016.03.12"]
[Round "1"]
[White "Whitekknight"]
[Black "Starcommand"]
[WhiteElo "1920"]
[BlackElo "1659"]
[Result "1-0"]
[Round "1"]
1.e4 c5
2.Ng1f3 d6
3.Bf1c4 Nb8c6
4.Nb1c3 Bc8g4
5.h3 Bg4h5
6.a3 Ng8f6
7.g4 Bh5g6
8.d3 e6
9.Bc1g5 Bf8e7
10.Qd1d2 O-O
11.O-O-O Nc6d4
12.Nf3xd4 cxd4
13.Nc3e2  { time }
1-0

[Event "Match"]
[Site "www.echecsemail.com"]
[Date "2016.03.12"]
[Round "1"]
[White "Hansen"]
[Black "Azulmarino"]
[WhiteElo "1620"]
[BlackElo "1520"]
[Result "1-0"]
[Round "1"]
1.e3 d6
2.Nb1c3 e5
3.Nc3d5 Nb8a6
4.b4 b5
5.Bf1xb5 c6
6.Bb5xc6 Bc8d7
7.Bc6b7 Bd7e6
8.Nd5c3 Ra8b8
9.Bb7xa6 Rb8xb4
10.Ng1f3 h6
11.h3 Ng8f6
12.g4 g5
13.Qd1e2 Qd8b6
14.a3 Be6c4
15.Ba6xc4 Rb4xc4
16.Qe2xc4 Qb6b7
17.e4 Bf8e7
18.Ra1b1 Qb7a8
19.Nc3b5 Nf6d7
20.Nb5c7 Kf8
21.Nc7xa8 Kg7
22.Na8c7 Rh8c8
23.Nc7e6 fxe6
24.Qc4xe6 Nd7f8
25.Qe6xe7 Kg8
26.Rb1b7 Kh8
27.Qe7g7 { resign }
1-0

[Event "Match"]
[Site "www.echecsemail.com"]
[Date "2016.03.12"]
[Round "1"]
[White "Starcommand"]
[Black "Pellix84"]
[WhiteElo "1499"]
[BlackElo "1980"]
[Result "0-1"]
[Round "1"]
1.e4 c6
2.d4 d5
3.Nb1c3 g6
4.h3 Bf8g7
5.Ng1f3 dxe4
6.Nc3xe4 Nb8d7
7.Bf1c4 Ng8f6
8.Ne4xf6 Nd7xf6
9.O-O O-O
10.Rf1e1 e6
11.Bc1g5 b5
12.Bc4b3 Qd8c7
13.Qd1d3 a6
14.Ra1d1 Rf8d8
15.Nf3e5 h6
16.Bg5h4 c5
17.Qd3f3 g5
18.Bh4g3 Bc8b7
19.Qf3e2 Nf6e4
20.c3 Ne4xg3
21.fxg3 cxd4
22.cxd4 Rd8d6
 { time }
0-1

[Event "Match"]
[Site "www.echecsemail.com"]
[Date "2016.03.12"]
[Round "1"]
[White "Menace"]
[Black "Jpjohnston"]
[WhiteElo "2250"]
[BlackElo "2060"]
[Result "1-0"]
[Round "1"]
1.e4 e5
2.f4 exf4
3.Ng1f3 d5
4.exd5 Qd8xd5
5.Nb1c3 Qd5e6
6.Qd1e2 Bf8d6
7.Qe2xe6 fxe6
8.d4 Ng8f6
9.Bf1c4 c6
10.O-O O-O
11.Nf3g5 Rf8e8
12.Nc3e4 Nf6xe4
13.Ng5xe4 Bd6e7
14.Bc1xf4 b5
15.Bc4d3 Nb8d7
16.Ne4d6 Re8f8
17.Nd6xc8 Ra8xc8
18.c4 a6
19.b3 c5
20.cxb5 axb5
21.Bd3xb5 Nd7f6
22.dxc5 Be7xc5
23.Kh1 Bc5d4
24.Bb5c4 Rc8xc4
25.bxc4 Bd4xa1
26.Rf1xa1 Nf6e4
27.Bf4e3 Rf8a8
28.c5 Kf7
29.a4 Ra8a5
30.c6 Ke7
31.Be3b6 Ra5a8
32.a5 Ne4d6
33.h4 Nd6c4
34.Ra1d1 e5
35.Rd1d7 Ke6
36.Rd7xg7 Nc4xa5
37.Bb6xa5 Ra8xa5
38.Rg7xh7 Kd6
39.c7 Ra5c5
40.g4 Rc5xc7
41.Rh7xc7 Kxc7
42.h5 e4
43.h6 e3
44.Kg2 Kd7
45.h7 e2
46.Kf2 { resign }
1-0

[Event "Match"]
[Site "www.echecsemail.com"]
[Date "2016.03.12"]
[Round "1"]
[White "Silent1"]
[Black "Gambitmiau"]
[WhiteElo "1790"]
[BlackElo "1840"]
[Result "0-1"]
[Round "1"]
1.d4 Nb8c6
2.c4 d5
3.Nb1c3 dxc4
4.e3 Bc8f5
5.Bf1xc4 e6
6.Ng1f3 Bf8b4
7.Bc1d2 Ng8f6
8.a3 Bb4d6
9.h3 Qd8e7
10.O-O O-O
11.Bd2e1 Nc6a5
12.Bc4e2 Nf6e4
13.Nc3xe4 Bf5xe4
14.Be2d3 Be4d5
15.Bd3c2 Na5c4
16.Qd1c1 Bd5xf3
17.gxf3 c6
18.Kh1 Qe7h4
19.f4 Qh4xh3
20.Kg1 f5
21.f3 Rf8f6
{ resign }
0-1

[Event "Match"]
[Site "www.echecsemail.com"]
[Date "2016.03.12"]
[Round "1"]
[White "Jean"]
[Black "Yakke"]
[WhiteElo "1019"]
[BlackElo "1740"]
[Result "0-1"]
[Round "1"]
1.b4 e5
2.g3 b6
3.g4 Bc8b7
4.f3 Nb8c6
5.b5 Nc6e7
6.g5 d5
7.c3 g6
8.Ng1h3 Qd8d7
9.Nb1a3 O-O-O
10.f4 e4
11.c4 { time. }
0-1

[Event "Match"]
[Site "www.echecsemail.com"]
[Date "2016.03.12"]
[Round "1"]
[White "Ericleo1980"]
[Black "Glenno"]
[WhiteElo "2330"]
[BlackElo "2320"]
[Result "1/2-1/2"]
[Round "1"]
1.d4 Ng8f6
2.c4 e6
3.Ng1f3 b6
4.a3 Bc8b7
5.Nb1c3 d5
6.cxd5 Nf6xd5
7.Qd1c2 Nd5xc3
8.bxc3 Bf8e7
9.e4 O-O
10.Bf1d3 c5
11.Qc2e2 cxd4
12.cxd4 Nb8c6
13.Bc1b2 Be7g5
14.h4 Bg5f4
15.g3 Bf4h6
16.h5 Nc6a5
17.Ra1d1 f5
18.O-O fxe4
19.Bd3xe4 Bb7xe4
20.Qe2xe4 Qd8d5
21.Qe4xd5 exd5
22.Nf3e5 Ra8c8
23.f4 Rf8f5
24.Kg2 Rc8c2
25.Rf1f2 Rc2xf2
26.Kxf2 Rf5xh5
27.Kg2 g5
28.f5 Bh6f8
29.Rd1c1 Rh5h6
30.Rc1c7 a6
31.Bb2c1 Rh6f6
32.g4 h6
33.a4 b5
34.axb5 axb5
35.Rc7c8 Kg7
36.Rc8c7 Kh8
37.Rc7d7 Na5b3
38.Bc1b2 Rf6a6
39.Bb2c3 Ra6a2
40.Kf1 Ra2c2
41.Bc3e1 Bf8g7
42.Rd7xd5 Nb3xd4
43.Rd5xd4 Bg7xe5
44.Rd4d5 Be5g7
45.Rd5xb5 Rc2c4
46.Rb5b8 Kh7
47.Rb8b4 Rc4c2
48.Rb4b7 Kg8
49.Be1a5 h5
50.gxh5 { draw }
1/2-1/2

[Event "Match"]
[Site "www.echecsemail.com"]
[Date "2016.03.12"]
[Round "1"]
[White "Billyg"]
[Black "Starcommand"]
[WhiteElo "1650"]
[BlackElo "1499"]
[Result "1-0"]
[Round "1"]
1.e4 c5
2.Ng1f3 d6
3.Bf1b5 Bc8d7
4.Bb5xd7 Nb8xd7
5.O-O Ng8f6
6.Rf1e1 g6
7.d4 cxd4
8.Nf3xd4 Bf8g7
9.c3 O-O
10.Bc1g5 Qd8b6
11.b3 e5
12.Nd4f3 d5
13.exd5 Qb6c5
14.Nf3xe5  { time }
1-0

[Event "Match"]
[Site "www.echecsemail.com"]
[Date "2016.03.12"]
[Round "1"]
[White "Stevep84"]
[Black "Add"]
[WhiteElo "2200"]
[BlackElo "2040"]
[Result "1-0"]
[Round "1"]
1.e4 d5
2.exd5 Qd8xd5
3.Nb1c3 Qd5e5
4.Bf1e2 c6
5.Ng1f3 Qe5f6
6.d4 h6
7.Bc1e3 e6
8.O-O Bf8d6
9.Nc3e4 Qf6e7
10.Ne4xd6 Qe7xd6
11.Qd1d2 Ng8e7
12.Be3f4 Qd6d8
13.Bf4xb8 Ra8xb8
14.Qd2f4 Bc8d7
15.Nf3e5 O-O
16.Be2h5 Ne7g6
17.Bh5xg6 fxg6
18.Qf4e4 Bd7e8
19.f4 Qd8h4
20.Ne5xg6 Be8xg6
21.Qe4xg6 Qh4f6
22.Qg6xf6 Rf8xf6
23.Ra1e1 Rb8d8
24.c3 Rd8d5
25.Re1e5 Rd5d7
26.g3 b6
27.Rf1e1 Rd7d6
28.Kg2 Kf7
29.Kf3 Rf6f5
30.Re5xf5 exf5
31.Re1e5 g6
32.h3 a5
33.g4 fxg4
34.hxg4 b5
35.Ke4 Rd6e6
36.Re5xe6 Kxe6
37.f5 gxf5
38.gxf5 Kf6
39.a4 bxa4
40.c4 h5
41.d5 cxd5
42.cxd5 h4
43.d6 h3
44.Kf3 h2
45.Kg2 h1Q
46.Kxh1 Kf7
47.Kg2 Ke8
48.f6 { resign }
1-0

[Event "1/16 Finale"]
[Site "www.chess-mail.com"]
[Date "2016.03.12"]
[Round "1"]
[White "Stormwind"]
[Black "Yangqi"]
[WhiteElo "2730"]
[BlackElo "2640"]
[Result "1-0"]
[Round "1"]
1.d4 f5
2.g3 Ng8f6
3.Bf1g2 e6
4.c4 d6
5.Ng1f3 Bf8e7
6.O-O O-O
7.b3 Nf6e4
8.Bc1b2 Be7f6
9.Nb1d2 Nb8c6
10.Nf3e1 Ne4xd2
11.Qd1xd2 e5
12.Bg2d5 Kh8
13.Bd5xc6 bxc6
14.dxe5 Bf6xe5
15.Bb2xe5 dxe5
16.Qd2xd8 Rf8xd8
17.Ne1d3 Rd8e8
18.Ra1d1 g5
19.f3 f4
20.Nd3c5 h5
21.Kf2 Kg7
22.gxf4 exf4
23.Rf1g1 Kh6
24.h4 g4
25.Rd1d4 Re8f8
26.Rd4e4 a5
27.Rg1d1 Ra8b8
28.Nc5e6 Bc8xe6
29.Re4xe6 Kg7
30.fxg4 hxg4
31.Rd1d7 Rf8f7
32.Rd7xf7 Kxf7
33.Re6e4 f3
34.Re4f4 Ke6
35.exf3 gxf3
36.Kxf3 Rb8d8
37.h5 c5
38.h6 Rd8h8
39.Rf4h4 Kf7
40.Ke4 Rh8h7
41.Kd5 { resign }
1-0

[Event "Fast Game"]
[Site "www.echecsemail.com"]
[Date "2016.03.12"]
[Round "1"]
[White "Fkarpov"]
[Black "Attatroll"]
[WhiteElo "1950"]
[BlackElo "1790"]
[Result "1-0"]
[Round "1"]
1.e4 d6
2.d4 Ng8f6
3.Bf1d3 g6
4.Bc1e3 Bf8g7
5.Ng1e2 O-O
6.Nb1d2 Nf6g4
7.Be3f4 e5
8.dxe5 dxe5
9.Bf4g3 Nb8c6
10.c3 Bc8e6
11.h3 Ng4f6
12.Qd1c2 Nf6h5
13.b3 Bg7h6
14.Nd2f1 Qd8g5
15.Qc2d2 Nh5f4
16.h4 Nf4xg2
17.Kd1 Qg5h5
18.Qd2c2 Ra8c8
19.Nf1d2 Be6g4
20.Rh1h2 Bg4f3
21.a3 Qh5g4
22.h5 f5
23.hxg6 f4
24.Nd2xf3 Qg4xf3
25.Qc2d2 fxg3
26.Bd3c4 Kg7
27.Qd2xh6 Kf6
28.g7 Ke7
29.Qh6e6 Kd8
30.g8Q gxh2
31.Qe6d5 Ke8
32.Qg8e6 Nc6e7
33.Qe6d7 { resign }
1-0

[Event "Fast Game"]
[Site "www.echecsemail.com"]
[Date "2016.03.12"]
[Round "1"]
[White "Cal"]
[Black "Nugun"]
[WhiteElo "1550"]
[BlackElo "1519"]
[Result "1-0"]
[Round "1"]
1.Nb1c3 d5
2.d4 Ng8f6
3.h3 e6
4.a3 Bf8d6
5.Bc1g5 c5
6.e3 c4
7.Ng1f3 Nb8c6
8.b4 O-O
9.e4 Qd8e7
10.e5 Bd6xb4
11.axb4 Qe7xb4
12.Bg5d2 Nf6e4
13.Nc3xe4 Qb4e7
14.Bf1e2 dxe4
15.Nf3h2 Nc6xd4
{ time. }
1-0

[Event "Tourn. n8611"]
[Site "www.chess-mail.com"]
[Date "2016.03.13"]
[Round "1"]
[White "Tartan"]
[Black "Elogic"]
[WhiteElo "2400"]
[BlackElo "1850"]
[Result "1-0"]
[Round "1"]
1.e4 e5
2.Ng1f3 d6
3.d4 Nb8d7
4.Bf1c4 h6
5.dxe5 Nd7xe5
6.Nf3xe5 dxe5
7.Qd1xd8 Kxd8
8.Bc4xf7 Bf8c5
9.O-O Ng8f6
10.Bf7g6 b6
11.h3 Bc8b7
12.Rf1e1 Rh8f8
13.Bc1e3 Bc5xe3
14.Re1xe3 Ke7
15.Nb1d2 Ra8d8
16.Nd2f3 Rd8d6
17.Nf3xe5 Rd6d2
18.Re3c3 c5
19.Ne5f3 Rd2e2
20.Kf1 Nf6xe4
21.Kxe2 Ne4xc3
22.bxc3 Bb7xf3
23.gxf3 Rf8f4
24.Bg6e4 Rf4h4
25.Ra1h1 a5
26.Kf1 b5
27.Kg2 g5
28.Rh1d1 b4
29.Rd1d5 c4
30.Rd5xa5 Kd6
31.cxb4 { resign }
1-0

[Event "Tourn. n8672"]
[Site "www.chess-mail.com"]
[Date "2016.03.13"]
[Round "1"]
[White "Daquata"]
[Black "Gambarulo"]
[WhiteElo "1630"]
[BlackElo "1519"]
[Result "0-1"]
[Round "1"]
1.e4 e6
2.d4 d5
3.Nb1c3 Ng8f6
4.Bc1g5 Bf8b4
5.e5 h6
6.exf6 hxg5
7.fxg7 Rh8g8
8.Qd1h5 Qd8f6
9.Ng1e2 Nb8c6
{ resign }
0-1

[Event "Tourn. n8507"]
[Site "www.chess-mail.com"]
[Date "2016.03.13"]
[Round "1"]
[White "Jpmartinez"]
[Black "Obisporey"]
[WhiteElo "2490"]
[BlackElo "2630"]
[Result "0-1"]
[Round "1"]
1.e4 c5
2.Ng1f3 e6
3.g3 Nb8c6
4.Bf1g2 Ng8f6
5.Qd1e2 e5
6.c3 Bf8e7
7.O-O O-O
8.Nb1a3 Rf8e8
9.d3 h6
10.Na3c2 d6
11.Nc2e3 Bc8e6
12.Rf1d1 Ra8c8
13.Nf3h4 d5
14.Ne3xd5 Nf6xd5
15.exd5 Be6xd5
16.Nh4f5 Bd5xg2
17.Kxg2 Be7f8
18.Qe2g4 Kh7
19.h4 Qd8d7
20.h5 Rc8d8
21.Qg4e4 Kg8
22.b3 Re8e6
23.Bc1a3 b6
24.Ba3b2 Bf8e7
25.Bb2c1 Be7f6
26.Bc1e3 Nc6e7
27.Rd1d2 Ne7d5
28.Ra1c1 Bf6g5
29.Be3xg5 hxg5
30.Kg1 Nd5f6
31.Qe4e2 Re6e8
32.Nf5e3 Qd7h3
33.Rc1d1 Nf6xh5
34.Qe2g4 Qh3xg4
35.Ne3xg4 f5
36.Ng4h2 { time. }
0-1

[Event "Tourn. n8672"]
[Site "www.chess-mail.com"]
[Date "2016.03.13"]
[Round "1"]
[White "Gambarulo"]
[Black "Olddog55"]
[WhiteElo "1519"]
[BlackElo "1600"]
[Result "1-0"]
[Round "1"]
1.e4 e5
2.Ng1f3 Nb8c6
3.Bf1b5 a6
4.Bb5xc6 bxc6
5.O-O d5
6.Nf3xe5 Qd8f6
7.exd5 Qf6xe5
8.Rf1e1 Bf8d6
9.Re1xe5 Bd6xe5
10.Qd1e2 f6
11.d4 { resign }
1-0

[Event "Tourn. n8667"]
[Site "www.chess-mail.com"]
[Date "2016.03.13"]
[Round "1"]
[White "Tonino1"]
[Black "Mrfunk"]
[WhiteElo "2200"]
[BlackElo "2260"]
[Result "0-1"]
[Round "1"]
1.d4 Ng8f6
2.Ng1f3 g6
3.e3 Bf8g7
4.Bf1d3 c5
5.b3 d5
6.Bc1b2 cxd4
7.exd4 Nb8c6
8.a3 Bc8g4
9.Nb1d2 O-O
10.O-O Ra8c8
11.h3 Bg4f5
12.Bd3xf5 gxf5
13.Nf3e5 Nf6e4
14.Nd2xe4 fxe4
15.f4 Nc6xe5
16.fxe5 f5
17.Qd1e2 Qd8b6
18.Kh2 Bg7h6
19.g4 f4
20.g5 Bh6xg5
21.Rf1g1 h6
22.h4 f3
23.Qe2d2 e3
24.Qd2xe3 Rc8xc2
25.Kh1 Qb6g6
26.Bb2c1 f2
27.Rg1xg5 f1Q
28.Rg5g1 Qg6g2

0-1

[Event "Tourn. n8513"]
[Site "www.chess-mail.com"]
[Date "2016.03.13"]
[Round "1"]
[White "Trazyne"]
[Black "Nikas"]
[WhiteElo "1659"]
[BlackElo "1710"]
[Result "0-1"]
[Round "1"]
1.e4 e5
2.Ng1f3 Nb8c6
3.Bf1c4 Ng8f6
4.d4 exd4
5.O-O Bf8c5
6.e5 Nf6g4
7.Bc4xf7 Kxf7
8.Nf3g5 Kg8
9.Qd1xg4 d5
10.Qg4f4 Qd8f8
11.Qf4g3 Qf8f5
12.Nb1a3 h6
13.Ng5f3 Qf5g4
14.Na3b5 Qg4xg3
15.hxg3 Bc5b6
16.Bc1f4 a6
17.Nb5a3 Bc8e6
18.Rf1e1 Ra8f8
19.Ra1d1 Bb6c5
20.Na3b1 Kh7
21.Nb1d2 Nc6b4
22.Nd2b3 Bc5b6
23.Nb3xd4 Bb6xd4
24.Nf3xd4 Rf8e8
25.a3 Nb4c6
26.Nd4xe6 Re8xe6
27.Rd1xd5 Rh8c8
28.Kf1 b5
29.b4 Nc6e7
30.Rd5d7 c5
31.Rd7d6 Rc8c6
32.bxc5 g5
33.Bf4d2 Ne7f5
34.Rd6xc6 Re6xc6
35.e6 Nf5e7
36.Bd2b4 Kg6
37.g4 { time. }
0-1

[Event "Tourn. n8668"]
[Site "www.chess-mail.com"]
[Date "2016.03.13"]
[Round "1"]
[White "Tonino1"]
[Black "Libiesse"]
[WhiteElo "2260"]
[BlackElo "2070"]
[Result "1-0"]
[Round "1"]
1.d4 d5
2.Ng1f3 Ng8f6
3.e3 e6
4.Bf1d3 Bf8e7
5.b3 c5
6.Bc1b2 cxd4
7.exd4 O-O
8.Nb1d2 Nb8c6
9.a3 b6
10.Nf3e5 Bc8b7
11.f4 a6
12.O-O b5
13.Ne5xc6 Bb7xc6
14.b4 Nf6d7
15.Nd2f3 Be7f6
16.Nf3e5 Bc6b7
17.Bd3xh7 Kxh7
18.Qd1h5 Kg8
19.Rf1f3 { resign }
1-0

[Event "Tourn. n8549"]
[Site "www.chess-mail.com"]
[Date "2016.03.13"]
[Round "1"]
[White "Xkafi"]
[Black "Norlavuaram"]
[WhiteElo "2010"]
[BlackElo "2160"]
[Result "0-1"]
[Round "1"]
1.e4 e5
2.Bf1c4 Bf8e7
3.d3 Ng8f6
4.c3 O-O
5.Ng1f3 d6
6.h3 c6
7.Bc1e3 d5
8.exd5 cxd5
9.Bc4b3 Nb8c6
10.O-O h6
11.Nb1d2 Bc8f5
12.Bb3c2 Ra8c8
13.Nd2b3 b6
14.Rf1e1 Be7d6
15.Nf3h4 Bf5h7
16.Qd1f3 e4
17.dxe4 dxe4
18.Qf3e2 Nf6d5
19.Qe2g4 f5
20.Qg4d1 Nd5xe3
21.Re1xe3 Bd6f4
22.Re3e2 Qd8xh4
23.g3 Bf4xg3
24.fxg3 Qh4xg3
25.Re2g2 Qg3e3
26.Kh2 f4
27.Qd1g4 Rc8c7
28.Qg4e6 Kh8
29.Ra1g1 Bh7f5
30.Qe6d6 Rf8f7
31.Kh1 Bf5xh3
32.Rg2d2 Bh3f5
33.Nb3c1 Qe3h3
34.Rd2h2 Qh3f3
35.Rg1g2 Bf5h3
36.Rh2xh3 Qf3xh3
37.Kg1 Qh3e3
38.Kh2 Rf7f5
39.Bc2d1 Rf5f7
40.Nc1b3 f3
41.Rg2g3 Qe3f4
42.Qd6xf4 Rf7xf4
43.Rg3g1 Nc6e5
44.Nb3d4 Rf4h4
45.Kg3 Rh4g4
46.Kh2 Rg4xg1
47.Kxg1 Rc7f7
48.Kf1 g5
49.Bd1c2 e3
50.Bc2f5 Rf7xf5
51.Nd4xf5 e2
52.Kf2 Ne5d3
{ resign }
0-1

[Event "Tourn. n8667"]
[Site "www.chess-mail.com"]
[Date "2016.03.13"]
[Round "1"]
[White "Mrfunk"]
[Black "Raven16"]
[WhiteElo "2260"]
[BlackElo "2210"]
[Result "1-0"]
[Round "1"]
1.e4 e5
2.Ng1f3 Nb8c6
3.Bf1b5 Ng8f6
4.d3 Bf8c5
5.Bb5xc6 dxc6
6.Nb1d2 Bc8g4
7.O-O O-O
8.Nd2c4 Rf8e8
9.h3 Bg4xf3
10.Qd1xf3 h6
11.Bc1e3 Bc5b6
12.g3 Qd8d7
13.Kg2 Ra8d8
14.Be3xh6 Nf6xe4
15.Bh6xg7 Ne4xf2
16.Rf1xf2 Bb6xf2
17.Bg7f6 Bf2d4
18.Qf3h5 Qd7d5
19.Kh2 Re8e6
20.Qh5h8 
1-0